| 000 | 00711nam a2200205Ia 4500 | ||
|---|---|---|---|
| 999 |
_c34567 _d34567 |
||
| 001 | 328 | ||
| 003 | GE_BSU | ||
| 005 | 20200130122758.0 | ||
| 008 | 181216s2002||||ge |||||||||||||| ||geo|| | ||
| 020 | _a999287208X | ||
| 040 | _cGE_BSU | ||
| 041 | _ageo | ||
| 080 | _a050.8(479.22.2)(035) თ-38 | ||
| 245 |
_aთბილისის ბიზნეს-მეგზური / _bორგანიზაციების ცნობარი. |
||
| 264 |
_aთბილისი : _bარადანი, _c2002. |
||
| 300 |
_a323 გვ.; _b28 სმ. |
||
| 653 | _aბიზნეს-მეგზური | ||
| 653 | _aორგანიზაციების ცნობარი | ||
| 942 |
_cBK _2udc |
||